| 000 | 00910nam a2200253Ia 4500 | ||
|---|---|---|---|
| 003 | OSt | ||
| 005 | 20220923224816.0 | ||
| 006 | a|||||r|||| 00| 0 | ||
| 007 | ta | ||
| 008 | 220922b |||||||| |||| 00| 0 hin d | ||
| 024 | _a251,092 | ||
| 037 | _cTextual | ||
| 040 |
_aARTS _cARTS _bhin |
||
| 041 |
_2hin _ahin |
||
| 082 | _aO157,1M99x, 1595M8 | ||
| 100 |
_aहाल्दर, गोपाल; ठकुरी, मोहन, अनु. _9168235 |
||
| 245 | 0 | _aकाजी नजरूल इस्लाम | |
| 246 | _aKājī najarūl islāma | ||
| 260 |
_aदिल्ली _b साहित्य अकादेमी _c1988 |
||
| 300 |
_a84पृ. _ccm. |
||
| 650 |
_aबंगाली साहित्य _9156264 |
||
| 942 |
_hO157,1M99x, 1595M8 _cTEXL _2CC |
||
| 999 |
_c373806 _d373806 |
||